| 000 | 00431nam a2200157Ia 4500 | ||
|---|---|---|---|
| 008 | 230917s9999||||xx |||||||||||||| ||und|| | ||
| 040 |
_e578 _aMAIN |
||
| 041 | _aEnglish | ||
| 082 | _a616.8914 B732T | ||
| 100 | _aBrammer, Lawrence M | ||
| 245 | 0 | _aTherapeutic psychology: fundamentals of counseling and psychotherapy | |
| 250 | _a4th ed. | ||
| 260 |
_aNew Jersry _bPrentice-Hall _c1982 |
||
| 300 | _axii, 466 p. | ||
| 942 | _cBK | ||
| 999 |
_c229749 _d229749 |
||